<?xml version="1.0" encoding="UTF-8"?>
<record
    xmlns:xsi="http://www.w3.org/2001/XMLSchema-instance"
    xsi:schemaLocation="http://www.loc.gov/MARC21/slim http://www.loc.gov/standards/marcxml/schema/MARC21slim.xsd"
    xmlns="http://www.loc.gov/MARC21/slim">

  <leader>01678nam a22002657a 4500</leader>
  <controlfield tag="001">4744</controlfield>
  <controlfield tag="003">FISKH</controlfield>
  <controlfield tag="005">20240927101528.0</controlfield>
  <controlfield tag="008">240927b        cb ||||| |||| 00| 0 eng d</controlfield>
  <datafield tag="020" ind1=" " ind2=" ">
    <subfield code="a">97800091892418</subfield>
  </datafield>
  <datafield tag="040" ind1=" " ind2=" ">
    <subfield code="a">FISKH</subfield>
    <subfield code="b">eng</subfield>
    <subfield code="c">FISKH</subfield>
    <subfield code="d">FISKH</subfield>
  </datafield>
  <datafield tag="082" ind1=" " ind2=" ">
    <subfield code="a">390</subfield>
  </datafield>
  <datafield tag="100" ind1=" " ind2=" ">
    <subfield code="a">Arnott, Stephen</subfield>
    <subfield code="e">author </subfield>
  </datafield>
  <datafield tag="245" ind1=" " ind2=" ">
    <subfield code="a">Eating Your Auntie Is Wrong :</subfield>
    <subfield code="b">The World's Strangest Customs /</subfield>
    <subfield code="c">by  Stephen Arnott</subfield>
  </datafield>
  <datafield tag="250" ind1=" " ind2=" ">
    <subfield code="a">First published in 2004</subfield>
  </datafield>
  <datafield tag="260" ind1=" " ind2=" ">
    <subfield code="a">New York :</subfield>
    <subfield code="b">Random House ;</subfield>
    <subfield code="c">2004 .</subfield>
  </datafield>
  <datafield tag="300" ind1=" " ind2=" ">
    <subfield code="a">175 pages : </subfield>
    <subfield code="b">illustrations ;</subfield>
    <subfield code="c">16 cm . </subfield>
  </datafield>
  <datafield tag="505" ind1=" " ind2=" ">
    <subfield code="a">S 
</subfield>
  </datafield>
  <datafield tag="520" ind1=" " ind2=" ">
    <subfield code="a">Crossing continents and centuries Stephen Arnott brings us invaluable information about all kinds of bizarre regional customs - from sexual practices to the received wisdom on cannibalism - that could save you from embarrassing local faux pas while travelling.- Amongst the Tartars the relations of the bride and bridegroom would traditionally divide into two groups and fight each other until some had suffered bleeding wounds. It was thought that causing blood to flow in this way would ensure the couple had strong sons.- In Hungary a cure for infertility was to beat a barren women with a stick, the stick having previously been used to separate mating dogs.- In some Aboriginal tribes of New South Wales it was believed that men who had any contact with their mothers-in-law would suffer terrible hard luck. The threat was so great that married men even avoided looking in their mother-in-law's general direction.</subfield>
  </datafield>
  <datafield tag="521" ind1="8" ind2=" ">
    <subfield code="a">790 
</subfield>
    <subfield code="b">Lexile estimate 
</subfield>
  </datafield>
  <datafield tag="521" ind1="8" ind2=" ">
    <subfield code="a">S 
</subfield>
    <subfield code="b">Raz-Plus 
</subfield>
  </datafield>
  <datafield tag="650" ind1=" " ind2=" ">
    <subfield code="a">cultural studies</subfield>
    <subfield code="v">non-fiction</subfield>
  </datafield>
  <datafield tag="942" ind1=" " ind2=" ">
    <subfield code="2">ddc</subfield>
    <subfield code="c">BK</subfield>
    <subfield code="n">0</subfield>
  </datafield>
  <datafield tag="999" ind1=" " ind2=" ">
    <subfield code="c">4744</subfield>
    <subfield code="d">4744</subfield>
  </datafield>
  <datafield tag="952" ind1=" " ind2=" ">
    <subfield code="0">0</subfield>
    <subfield code="1">0</subfield>
    <subfield code="2">ddc</subfield>
    <subfield code="4">0</subfield>
    <subfield code="7">0</subfield>
    <subfield code="8">NFIC</subfield>
    <subfield code="a">001</subfield>
    <subfield code="b">001</subfield>
    <subfield code="c">SNS</subfield>
    <subfield code="d">2024-09-27</subfield>
    <subfield code="l">0</subfield>
    <subfield code="o">ARN 390 </subfield>
    <subfield code="p">FIS00919</subfield>
    <subfield code="r">2024-09-27 10:15:24</subfield>
    <subfield code="w">2024-09-27</subfield>
    <subfield code="y">BK</subfield>
  </datafield>
</record>
